| 000 | 00514nam a2200217Ia 4500 | ||
|---|---|---|---|
| 003 | 0100 | ||
| 008 | 130303s9999 xx 000 0 und d | ||
| 020 | _a0451620798 | ||
| 040 | _cARRUPELIB | ||
| 050 | _aBP161.2. L56 1982 | ||
| 100 | _aLippman, Thomas W | ||
| 245 | _aUnderstanding Islam | ||
| 245 | _ban introduction to the Moslem world | ||
| 260 | _aNew York | ||
| 260 | _bNew American Library | ||
| 260 | _C1982 | ||
| 300 | _axii | ||
| 300 | _b 196 p. 18 cm. | ||
| 650 | _aRELIGION | ||
| 942 | 0 | 0 | _02 |
| 999 |
_c13599 _d13599 |
||